[Event "Guillermo Garcia Memorial op 28th"]
[Site "Santa Clara"]
[Date "2019.04.23"]
[Round "1"]
[White "Piedra Salabarria, Ernesto"]
[Black "Lemus Morales, Diego Enrique"]
[Result "0-1"]
[WhiteElo "2306"]
[BlackElo "2043"]
[PlyCount "108"]
[EventDate "2019.04.23"]
[EventType "swiss"]
[EventRounds "9"]
[EventCountry "CUB"]
[SourceTitle "EXT 2020"]
[Source "ChessBase"]
[SourceDate "2019.10.17"]
[SourceVersion "1"]
[SourceVersionDate "2019.10.17"]
[SourceQuality "1"]

1. d4 Nf6 2. Nf3 e6 3. g3 d5 4. Bg2 Be7 5. 0-0 0-0 6. c4 dxc4 7. Ne5 Nc6 8. Nxc6 bxc6 9. Na3 Bxa3 10. bxa3 Ba6 11. Bg5 Rb8 12. Qa4 Rb6 13. Rab1 Bb5 14. Qxa7 Ra6 15. Qb7 Qc8 16. Rxb5 cxb5 17. Qxb5 Nd5 18. Qxc4 h6 19. Bc1 Rd8 20. e4 Nb6 21. Qc3 Ra4 22. Rd1 Rc4 23. Qe3 c5 24. d5 exd5 25. Qb3 dxe4 26. Re1 Qe6 27. Bf4 Rd3 28. Qb5 Na4 29. Bf1 Rdd4 30. Bxc4 Rxc4 31. Kg2 Nc3 32. Qb8+ Kh7 33. Qb3 Qd5 34. Be3 Qd3 35. Qb7 Qd5 36. Qc8 Nb5 37. Qe8 Nd4 38. Rd1 Nf5 39. Re1 Rc3 40. Qb5 Nxe3+ 41. Rxe3 Rxe3 42. fxe3 Qd2+ 43. Kh3 Qxe3 44. a4 Qd3 45. Kg2 Qf3+ 46. Kg1 e3 47. Qf1 Qe4 48. a5 c4 49. a6 c3 50. a7 e2 51. Qe1 Qe3+ 52. Kg2 Qxa7 53. Qxe2 Qb7+ 54. Kh3 Qc8+ 0-1

[Event "Adelquis Remon Memorial-D"]
[Site "Holguin"]
[Date "2018.12.04"]
[Round "9.2"]
[White "Lavigne Lopez, Raul Leonardo"]
[Black "Lemus Morales, Diego Enrique"]
[Result "1-0"]
[WhiteElo "2109"]
[BlackElo "2066"]
[PlyCount "115"]
[EventDate "2018.11.30"]
[EventType "tourn"]
[EventRounds "10"]
[EventCountry "CUB"]
[SourceTitle "EXT 2023"]
[Source "ChessBase"]
[SourceDate "2022.10.05"]
[SourceVersion "1"]
[SourceVersionDate "2022.10.05"]
[SourceQuality "1"]

1. e4 e5 2. Nf3 Nc6 3. Bb5 a6 4. Ba4 Nf6 5. Qe2 b5 6. Bb3 Be7 7. 0-0 0-0 8. c3 h6 9. Rd1 d5 10. d3 Re8 11. Nbd2 Bb7 12. Nf1 Bf8 13. Ng3 Na5 14. Bc2 c5 15. h3 d4 16. Nf5 Kh7 17. g4 g6 18. Ng3 Bc8 19. Kh2 Ng8 20. Bd2 Nc6 21. Bb3 Be6 22. Bxe6 Rxe6 23. c4 bxc4 24. dxc4 f6 25. h4 Rb8 26. b3 Nge7 27. Rg1 Qe8 28. Rab1 Bg7 29. Ne1 Qf7 30. Nd3 f5 31. f3 fxg4 32. fxg4 Rf6 33. Rgf1 Rf8 34. g5 Rf3 35. Kg2 Rxf1 36. Rxf1 Qe6 37. Nxc5 Qd6 38. Rxf8 Bxf8 39. Nd3 h5 40. Qf1 Bg7 41. Qd1 Qa3 42. Qc2 a5 43. c5 Nb4 44. Bxb4 axb4 45. Ne2 Nc6 46. Ng1 Qa8 47. Nf3 Qc8 48. Nf2 Qa6 49. Ne1 Bf8 50. Ned3 Qa7 51. Kf1 Qa6 52. Ke1 Kg7 53. Kd1 Na7 54. Qc4 Qxc4 55. bxc4 Nc6 56. Kc2 Kf7 57. Kb3 Ke6 58. Ka4 1-0

[Event "Adelquis Remon Memorial-D"]
[Site "Holguin"]
[Date "2018.12.01"]
[Round "3.2"]
[White "Lores Pulgares, Felix"]
[Black "Lemus Morales, Diego Enrique"]
[Result "1-0"]
[WhiteElo "2090"]
[BlackElo "2066"]
[PlyCount "121"]
[EventDate "2018.11.30"]
[EventType "tourn"]
[EventRounds "10"]
[EventCountry "CUB"]
[SourceTitle "EXT 2023"]
[Source "ChessBase"]
[SourceDate "2022.10.05"]
[SourceVersion "1"]
[SourceVersionDate "2022.10.05"]
[SourceQuality "1"]

1. c4 e6 2. Nf3 Nf6 3. g3 d5 4. Bg2 Be7 5. 0-0 0-0 6. b3 c5 7. Bb2 Nc6 8. cxd5 Nxd5 9. Nc3 b6 10. Nxd5 exd5 11. d4 Be6 12. Rc1 Rc8 13. Qd2 Qd7 14. dxc5 bxc5 15. Ba3 c4 16. Bxe7 Qxe7 17. Ng5 Rfd8 18. Nxe6 Qxe6 19. Rfe1 cxb3 20. axb3 Ne7 21. Rxc8 Qxc8 22. Qa5 Qa8 23. Qc5 Qb7 24. Ra1 Rd7 25. Rc1 g6 26. b4 Qb6 27. Qxb6 axb6 28. Kf1 f5 29. Ke1 Kf7 30. Kd2 Ke6 31. e3 Ra7 32. Rc2 Ra3 33. Bf1 Ra4 34. Kc3 Kd6 35. Kb3 Ra1 36. Bb5 Rb1+ 37. Kc3 Nc6 38. Bxc6 Kxc6 39. Rb2 Rh1 40. h4 Kb5 41. Kd4 Rd1+ 42. Ke5 Rd3 43. h5 Kc4 44. hxg6 hxg6 45. Kf6 d4 46. exd4 Rxd4 47. Kxg6 f4 48. Kf5 f3 49. g4 Kc3 50. Rb1 Rd2 51. Kf4 Rxf2 52. Ke3 Ra2 53. Kxf3 Kc2 54. Re1 Kc3 55. Re4 b5 56. g5 Ra6 57. Kg4 Kd3 58. Rf4 Rc6 59. Kf5 Ke3 60. Re4+ Kd3 61. Rg4 1-0

[Event "Camajuani Guerrilleritos-C"]
[Site "Camajuani"]
[Date "2018.04.18"]
[Round "4"]
[White "Cabrera Gonzalez, Maximo Ariel"]
[Black "Lemus Morales, Diego Enrique"]
[Result "1/2-1/2"]
[WhiteElo "2056"]
[BlackElo "2027"]
[PlyCount "110"]
[EventDate "2018.04.16"]
[EventType "tourn"]
[EventRounds "10"]
[EventCountry "CUB"]
[SourceTitle "EXT 2021"]
[Source "ChessBase"]
[SourceDate "2020.10.23"]
[SourceVersion "1"]
[SourceVersionDate "2020.10.23"]
[SourceQuality "1"]

1. d4 d5 2. c4 e6 3. Nf3 Nf6 4. g3 Be7 5. Bg2 0-0 6. 0-0 dxc4 7. Qc2 a6 8. a4 Bd7 9. Qxc4 Bc6 10. Bg5 Nbd7 11. Nc3 Nb6 12. Qd3 Bxf3 13. Bxf3 Nfd5 14. Bxe7 Qxe7 15. a5 Nb4 16. Qd1 N6d5 17. e4 Nxc3 18. bxc3 Nc6 19. Qe2 e5 20. d5 Nb8 21. Rab1 Qc5 22. Rxb7 Qxc3 23. Qe3 Qxa5 24. Rc1 Nd7 25. Rcxc7 Nf6 26. Kg2 Ne8 27. Rd7 Rd8 28. Rxd8 Qxd8 29. Qb6 Nd6 30. Qxd8 Rxd8 31. Ra7 Kf8 32. Rxa6 Ke7 33. Ra7+ Rd7 34. Rxd7+ Kxd7 35. Kf1 Kc7 36. Ke2 Kb6 37. Kd3 Kc5 38. Bg4 Ne8 39. f4 Kd6 40. Bd1 Nf6 41. f5 Kc5 42. g4 h6 43. h4 g5 44. fxg6 fxg6 45. g5 hxg5 46. hxg5 Ne8 47. Ba4 Nd6 48. Bd7 Nf7 49. Be8 Nxg5 50. Bxg6 Nh3 51. Bf5 Nf4+ 52. Ke3 Nxd5+ 53. exd5 Kxd5 54. Bh7 e4 55. Bxe4+ Ke5 1/2-1/2

[Event "Santa Clara Salado Cup"]
[Site "Santa Clara"]
[Date "2018.04.01"]
[Round "7"]
[White "Muniz Guevara, Amanda Maria"]
[Black "Lemus Morales, Diego Enrique"]
[Result "1-0"]
[WhiteElo "2001"]
[BlackElo "2027"]
[PlyCount "89"]
[EventDate "2018.03.29"]
[EventType "swiss"]
[EventRounds "7"]
[EventCountry "CUB"]
[SourceTitle "EXT 2021"]
[Source "ChessBase"]
[SourceDate "2020.10.23"]
[SourceVersion "1"]
[SourceVersionDate "2020.10.23"]
[SourceQuality "1"]

1. e4 e5 2. Nf3 Nc6 3. Bb5 a6 4. Ba4 Nf6 5. 0-0 Be7 6. Re1 b5 7. Bb3 d6 8. c3 0-0 9. h3 Bb7 10. d4 Nd7 11. Nbd2 exd4 12. cxd4 Bf6 13. Nf1 Na5 14. Bc2 Re8 15. N1h2 h5 16. Rb1 c5 17. d5 Nc4 18. Nf1 g6 19. Ne3 Nxe3 20. Bxe3 Nb6 21. Nd2 a5 22. f4 Nd7 23. g4 Bg7 24. Qf3 hxg4 25. hxg4 Qh4 26. g5 Qh8 27. b3 Bd4 28. Kg2 Bxe3 29. Rxe3 Qd4 30. Rd3 Qg7 31. Qf2 f6 32. Rg3 f5 33. exf5 Bxd5+ 34. Kg1 gxf5 35. Bxf5 Rf8 36. Be4 Bxe4 37. Nxe4 Qg6 38. Re1 Qf5 39. Nxd6 Qxf4 40. Qxf4 Rxf4 41. Nxb5 a4 42. Nc7 Ra7 43. Nd5 Rh4 44. Ne7+ Kh7 45. g6+ 1-0

[Event "Universidad de Cienfuegos-D 10th"]
[Site "Cienfuegos"]
[Date "2018.02.22"]
[Round "5"]
[White "Gonzalez Garay, Carlos"]
[Black "Lemus Morales, Diego Enrique"]
[Result "0-1"]
[WhiteElo "1846"]
[BlackElo "1888"]
[PlyCount "116"]
[EventDate "2018.02.20"]
[EventType "tourn"]
[EventRounds "14"]
[EventCountry "CUB"]
[SourceTitle "EXT 2021"]
[Source "ChessBase"]
[SourceDate "2020.10.23"]
[SourceVersion "1"]
[SourceVersionDate "2020.10.23"]
[SourceQuality "1"]

1. e4 e5 2. f4 exf4 3. Nf3 Nc6 4. Bc4 Nf6 5. Nc3 Bb4 6. 0-0 0-0 7. d4 Bxc3 8. bxc3 Nxe4 9. d5 Ne7 10. Bxf4 Ng6 11. Ne5 Nxe5 12. Bxe5 d6 13. Bd4 Qg5 14. Bd3 Nc5 15. Rf3 Bg4 16. Rg3 Bxd1 17. Rxg5 f6 18. Rg3 Bh5 19. Bf5 Rae8 20. Rf1 Be2 21. Rf4 Bc4 22. h4 Bxd5 23. c4 Be4 24. Bxc5 Bxf5 25. Bd4 Re4 26. Rxe4 Bxe4 27. Re3 Bc6 28. Re7 Rf7 29. Rxf7 Kxf7 30. Bxa7 Ke6 31. Bd4 b6 32. Kf2 Be4 33. g4 Bxc2 34. Ke3 Bd1 35. g5 fxg5 36. hxg5 h6 37. Bxg7 hxg5 38. Bh6 g4 39. Bf4 Kf5 40. Bg3 Ba4 41. a3 b5 42. cxb5 Bxb5 43. Kd4 Ke6 44. Ke3 c5 45. Kf4 Be2 46. Ke3 Bf3 47. a4 d5 48. Kd3 d4 49. a5 Kd5 50. a6 c4+ 51. Kc2 Kc5 52. Bf2 Be4+ 53. Kd2 c3+ 54. Kc1 Kc4 55. a7 d3 56. Be1 g3 57. Bxg3 d2+ 58. Kd1 Bf3+ 0-1

[Event "Guillermo Garcia Memorial op 26th"]
[Site "Santa Clara"]
[Date "2017.05.22"]
[Round "7"]
[White "Perez Marimon, Jorge De Jesus"]
[Black "Lemus Morales, Diego Enrique"]
[Result "1-0"]
[WhiteElo "2090"]
[BlackElo "1883"]
[PlyCount "119"]
[EventDate "2017.05.16"]
[EventType "swiss"]
[EventRounds "9"]
[EventCountry "CUB"]
[SourceTitle "CBM 178 Extra"]
[Source "ChessBase"]
[SourceDate "2017.06.22"]
[SourceVersion "1"]
[SourceVersionDate "2017.06.22"]
[SourceQuality "1"]

1. e4 e5 2. Nf3 Nc6 3. Bb5 a6 4. Ba4 Nf6 5. d3 b5 6. Bb3 Be7 7. 0-0 d6 8. c3 0-0 9. Re1 Bb7 10. Nbd2 Re8 11. Nf1 Bf8 12. Ng3 g6 13. Bg5 Bg7 14. Qd2 Qe7 15. a4 Na5 16. Bc2 c5 17. axb5 axb5 18. c4 b4 19. Ba4 Bc6 20. Qc2 Qb7 21. Bxf6 Bxf6 22. Nf1 Bxa4 23. Rxa4 Nc6 24. Rea1 Nd4 25. Qd1 Nxf3+ 26. Qxf3 Rxa4 27. Rxa4 Qd7 28. Ra6 Bg5 29. Qd1 Qe6 30. Qa4 Rd8 31. Qa5 Qe7 32. Ra7 Qf6 33. Qc7 Kg7 34. g3 h5 35. h4 Bc1 36. b3 Bh6 37. Kg2 Kf8 38. Nh2 Ke8 39. Nf3 Qe6 40. Qc6+ Kf8 41. Ng5 Bxg5 42. hxg5 Rc8 43. Qb7 Rd8 44. Qc7 Ke8 45. Qc6+ Kf8 46. Rc7 h4 47. Ra7 hxg3 48. Kxg3 Kg7 49. Qd5 Qe8 50. Rc7 Qf8 51. Qe6 Re8 52. Qf6+ Kg8 53. Rd7 Re6 54. Rd8 Rxf6 55. Rxf8+ Kxf8 56. gxf6 Ke8 57. Kg4 Kd7 58. Kh4 Kd8 59. Kg5 Ke8 60. Kh6 1-0